[Event "AUTO-OPEN-405"]
[Site "http://www.queenalice.com/game.php?id=111785"]
[Date "2006.9.30"]
[Round "1"]
[White "alexsoad"]
[Black "R_Mutt"]
[Result "0-1"]
[WhiteElo "1207"]
[BlackElo "1867"]

1. e4 c5 2. Nf3 d6 3. Ng5 Nh6 4. Be2 f6 5. Nf3 Qb6 6. O-O e5 7. h4 Be7 8. a4 f5
9. Ng5 fxe4 10. a5 Qd8 11. Bb5+ Kf8 12. Nc3 Nf5 13. Qh5 g6 14. Qe2 Bxg5 15. Qxe4
Bxh4 16. Nd5 Be6 17. Ra3 Nc6 18. Rh3 Nfd4 19. Bc4 Bxh3 20. gxh3 Qg5+ 21. Kh1
Nxa5 22. d3 Nxc2 23. Qf3+ Qf5 24. Qe2 Qxh3+ 25. Kg1 Nd4 26. Qe4 Nf3+ 27. Qxf3+
Qxf3 28. Bh6+ Ke8 29. Nc7+ Kd7 30. Nxa8 Nxc4 31. dxc4 Rxa8 32. Bc1 Rf8 33. b4
Qg4+ 34. Kh1 Bxf2 35. Rxf2 Rxf2 36. Be3 Qg2# 0-1

[Event "AUTO-OPEN-405"]
[Site "http://www.queenalice.com/game.php?id=111786"]
[Date "2006.9.30"]
[Round "1"]
[White "R_Mutt"]
[Black "alexsoad"]
[Result "1-0"]
[WhiteElo "1856"]
[BlackElo "1207"]

1. e4 e5 2. Nf3 Bb4 3. Nxe5 d6 4. Nd3 Ba5 5. b3 Ne7 6. Bb2 h5 7. Nf4 h4 8. Nh5
g6 9. Bxh8 gxh5 10. Qxh5 Kd7 11. Bc4 d5 12. exd5 f5 13. O-O Na6 14. Bf6 Qf8 15.
Qxh4 Nc5 16. d6 cxd6 17. Bb5+ Kd8 18. b4 Bxb4 19. Bxe7+ Qxe7 20. Qxb4 a6 21.
Qa5+ b6 22. Qxb6+ Qc7 23. Qxc7+ Kxc7 24. Be8 Bb7 25. Re1 Ne4 26. Bg6 Rg8 27.
Bxf5 Nxd2 28. Re7+ Kb8 29. Nxd2 Rxg2+ 30. Kf1 Rxh2 31. Ke2 Rh5 32. Rb1 Rxf5 33.
Rbxb7+ Ka8 34. Ra7+ Kb8 35. Reb7+ Kc8 36. Rg7 Re5+ 37. Kf1 Kb8 38. Raf7 Re8 39.
Nc4 d5 40. Nb6 d4 41. Rb7# 1-0

[Event "Challenge"]
[Site "http://www.queenalice.com/game.php?id=112767"]
[Date "2006.10.3"]
[Round "-"]
[White "alexsoad"]
[Black "Martinelli"]
[Result "0-1"]
[WhiteElo "1081"]
[BlackElo "1492"]

1. e4 e5 2. Nc3 Bb4 3. Nd5 c6 4. Nxb4 Nf6 5. d3 c5 6. Nd5 Nxd5 7. exd5 Qa5+ 8.
Ke2 d6 9. Bd2 Qd8 10. g4 Bxg4+ 11. f3 Bh5 12. Nh3 c4 13. dxc4 e4 14. Ke3 Bxf3
0-1

[Event "AUTO-BEG-31"]
[Site "http://www.queenalice.com/game.php?id=113333"]
[Date "2006.10.5"]
[Round "1"]
[White "feio23"]
[Black "alexsoad"]
[Result "0-1"]
[WhiteElo "1241"]
[BlackElo "1288"]

1. h4 e5 2. Rh3 d5 3. Re3 d4 4. Rxe5+ Ne7 5. Re4 f5 6. Rf4 Nd5 7. Rf3 Qf6 8. d3
Bb4+ 9. c3 Ba5 10. Bg5 Qe5 11. g3 dxc3 12. Re3 Nxe3 13. Bxe3 c2+ 14. Qd2 Bxd2+
15. Bxd2 O-O 16. Nc3 Bd7 17. Rc1 Bc6 18. Rxc2 Re8 19. Rc1 Na6 20. d4 Qe6 21. f3
Nb4 22. Ne4 fxe4 23. Bxb4 exf3 24. Kd1 Ba4+ 25. b3 Bb5 26. Rxc7 fxe2+ 27. Bxe2
Bxe2+ 28. Nxe2 Qxe2+ 0-1

[Event "AUTO-BEG-31"]
[Site "http://www.queenalice.com/game.php?id=113334"]
[Date "2006.10.5"]
[Round "1"]
[White "alexsoad"]
[Black "feio23"]
[Result "1-0"]
[WhiteElo "1309"]
[BlackElo "1241"]

1. e4 a5 2. d4 a4 3. Bd2 g6 4. Nh3 d5 5. exd5 Nf6 6. Bf4 Nxd5 7. c4 Nb4 8. Qe2
Ra6 9. Qe4 e6 10. Nc3 h5 11. Rd1 Rg8 12. Ng5 f5 13. Nb5 fxe4 14. Bxc7 Qd7 15.
Bxb8 Nxa2 16. Nc7+ Ke7 17. Ngxe6 Rxe6 18. Nd5+ Ke8 19. Nf4 Rb6 20. Be2 Rxb2 21.
O-O Qf5 22. d5 Qxf4 23. g3 Qxb8 24. c5 Rxe2 25. d6 Nc3 26. Rc1 Bg7 27. Ra1 b6
28. c6 Qxd6 29. Rfc1 Bd4 30. Re1 Bxf2+ 31. Kf1 Qd2 32. Rad1 1-0

[Event "AUTO-BEG-31"]
[Site "http://www.queenalice.com/game.php?id=113349"]
[Date "2006.10.5"]
[Round "1"]
[White "clarice"]
[Black "alexsoad"]
[Result "1-0"]
[WhiteElo "1627"]
[BlackElo "1334"]

1. e4 e5 2. Bc4 Nf6 3. d3 Nc6 4. Nc3 Bb4 5. Bd2 Nd4 6. Nf3 Nxf3+ 7. Qxf3 O-O 8.
O-O Bc5 9. a3 d6 10. h3 c6 11. Bg5 Qd7 12. Bxf6 gxf6 13. Qxf6 d5 14. exd5 cxd5
15. Nxd5 b5 16. Bb3 Bb7 17. Qxe5 Bd6 18. Nf6+ Kh8 19. Qd4 Qf5 20. Qxd6 Qg6 21.
f3 Rad8 22. Qe5 Bc8 23. Ng4+ Kg8 24. Rae1 Rde8 25. Nf6+ Kg7 26. Nxe8+ Kh6 27.
Qf4+ Kh5 28. Nf6+ Qxf6 29. Qxf6 Rg8 30. Bxf7+ Rg6 31. g4+ Kh6 32. Bxg6 hxg6 33.
Qh4+ Kg7 34. Re7+ Kf8 35. Qf6+ Kg8 36. Qg7# 1-0

[Event "AUTO-BEG-31"]
[Site "http://www.queenalice.com/game.php?id=113350"]
[Date "2006.10.5"]
[Round "1"]
[White "alexsoad"]
[Black "clarice"]
[Result "0-1"]
[WhiteElo "1327"]
[BlackElo "1551"]

1. e4 c5 2. d3 Nc6 3. Nc3 d6 4. Nd5 e6 5. Nf4 Nf6 6. Nf3 Be7 7. Ng5 h6 8. Ngh3
Bd7 9. Be2 a6 10. O-O e5 11. Nd5 Nxd5 12. exd5 Nd4 13. Bh5 Qc7 14. Be3 Bxh3 15.
gxh3 Qd7 16. Bg4 f5 17. Bh5+ Kd8 18. Bxd4 exd4 19. a4 Kc7 20. Ra3 Rhg8 21. Qd2
g6 22. Qa5+ b6 23. Qe1 gxh5+ 24. Kh1 f4 25. a5 b5 26. c3 Rae8 27. c4 Qxh3 28.
cxb5 Qg2# 0-1

[Event "AUTO-BEG-31"]
[Site "http://www.queenalice.com/game.php?id=113361"]
[Date "2006.10.5"]
[Round "1"]
[White "alexsoad"]
[Black "Nayarinha"]
[Result "1-0"]
[WhiteElo "1313"]
[BlackElo "1172"]

1. Nc3 e5 2. e4 Nc6 3. Bb5 a6 4. Bc4 Nf6 5. a4 Bc5 6. Nf3 O-O 7. O-O d6 8. Nd5
Nxd5 9. Bxd5 Bg4 10. Qe1 Bxf3 11. gxf3 Qg5+ 12. Kh1 Nd4 13. Rg1 Qf4 14. d3 Qxf3+
15. Rg2 Nxc2 16. Qg1 c6 17. Bb3 Nxa1 18. Bh6 g6 19. Qxa1 b5 20. axb5 axb5 21.
Qc1 Bxf2 22. Bd1 Qxd3 23. Rxf2 1-0

[Event "AUTO-BEG-31"]
[Site "http://www.queenalice.com/game.php?id=113362"]
[Date "2006.10.5"]
[Round "1"]
[White "Nayarinha"]
[Black "alexsoad"]
[Result "0-1"]
[WhiteElo "1172"]
[BlackElo "1324"]

1. e4 e5 2. Nf3 d6 3. Bc4 Nf6 4. d3 Nc6 5. O-O h5 6. Bg5 Nb4 7. d4 exd4 8. Nxd4
Bg4 9. Bxf6 Qxf6 10. Qd2 Qg6 11. g3 c5 12. Nb5 h4 13. Nc7+ Kd8 14. Nxa8 Bh3 15.
Re1 hxg3 16. fxg3 Qg4 17. Qf2 Rh6 18. Be2 Qxe4 19. Bf3 Qg6 20. Bg2 Bxg2 21. Qxg2
d5 0-1

[Event "Fun Game"]
[Site "http://www.queenalice.com/game.php?id=127912"]
[Date "2006.11.10"]
[Round "-"]
[White "Metyx"]
[Black "alexsoad"]
[Result "1-0"]
[WhiteElo "1693"]
[BlackElo "1286"]

1. e4 e5 2. Nf3 Nf6 3. Nxe5 Nxe4 4. Qe2 Qh4 5. d3 Bb4+ 6. c3 Bc5 7. dxe4 d6 8.
Nf3 Qh5 9. Be3 Bxe3 10. Qxe3 O-O 11. Bc4 Qg4 12. O-O Qg6 13. Nbd2 Bh3 14. Nh4
Qh5 15. Qxh3 Nc6 16. Bd5 Ne5 17. b4 c6 18. Bb3 Rae8 19. Nf5 Qg6 20. Nf3 Qe6 21.
Bxe6 Rxe6 22. Nxe5 Rxe5 23. Nxd6 Rg5 24. f4 Rg6 25. Nxb7 Re8 26. Qd7 h5 27.
Qxe8+ Kh7 28. Qxf7 h4 29. Rf3 Kh6 30. f5 Rg4 31. f6 gxf6 32. Qxf6+ Rg6 33. Qxh4+
Kg7 34. Rg3 1-0

[Event "Let's Play Chess!"]
[Site "http://www.queenalice.com/game.php?id=127921"]
[Date "2006.11.11"]
[Round "-"]
[White "UrsaoDaCoca"]
[Black "alexsoad"]
[Result "0-1"]
[WhiteElo "1026"]
[BlackElo "1293"]

1. e4 e5 2. Bc4 c6 3. Nf3 Nf6 4. Nxe5 d5 5. exd5 cxd5 6. Bb5+ Bd7 7. Qe2 Bxb5 8.
Qxb5+ Nbd7 9. Qe2 Nxe5 10. Qxe5+ Be7 11. Qg5 Ne4 12. Qxg7 Bf6 13. Qg4 Qe7 0-1

[Event "Let's Play Chess!"]
[Site "http://www.queenalice.com/game.php?id=127922"]
[Date "2006.11.11"]
[Round "-"]
[White "alexsoad"]
[Black "liquid"]
[Result "0-1"]
[WhiteElo "1267"]
[BlackElo "1632"]

1. e4 e5 2. Nf3 Bd6 3. Bc4 Nh6 4. d3 Nc6 5. Ng5 a6 6. Qf3 O-O 7. Nh3 b5 8. Bb3
Bc5 9. Qg3 Qf6 10. O-O d6 11. Bd5 Nd4 12. Bxa8 Ne2+ 13. Kh1 Nxg3+ 14. hxg3 Bxh3
15. gxh3 Bxf2 16. Nc3 Qf3+ 17. Kh2 Rxa8 18. Nd1 Qxg3+ 19. Kh1 Qxh3# 0-1

[Event "Challenge"]
[Site "http://www.queenalice.com/game.php?id=127923"]
[Date "2006.11.11"]
[Round "-"]
[White "Marcelo_Araujo"]
[Black "alexsoad"]
[Result "1/2-1/2"]
[WhiteElo "1661"]
[BlackElo "1264"]

1. c4 e5 2. Nc3 Bb4 3. Qc2 d6 4. e4 Bxc3 5. Qxc3 Nf6 6. Bd3 Nh5 7. Nf3 O-O 8.
O-O Qf6 9. Bc2 Qg6 10. d4 Bh3 11. Nh4 Nd7 12. Nxg6 Rfe8 13. Qxh3 Ndf6 14. Nh4 c5
15. dxe5 dxe5 16. Bd1 Nxe4 17. Bxh5 g6 18. Bf3 Ng5 19. Bxg5 f6 20. Bxf6 e4 21.
Bg4 Rf8 22. Be6+ Rf7 23. Nxg6 Re8 24. Bxf7+ Kxf7 25. Bc3 Kxg6 26. Qd7 Rg8 27.
Qxb7 h5 28. Qxe4+ Kh6 29. Qc6+ Kh7 30. Qxc5 h4 31. Qxa7+ Kh6 32. Bd2+ Kh5 33.
Qf7+ Rg6 34. h3 1/2-1/2